| 000 | 00713nam a22002055i 4500 | ||
|---|---|---|---|
| 001 | 166358 | ||
| 003 | ES-MaACL | ||
| 005 | 20251017063111.0 | ||
| 008 | 000131s1883 sp |||| | cat d | ||
| 040 |
_aCCPB | B _bspa _cCCPB | B |
||
| 100 | 1 |
_aToda, Eduardo, _d1852-1941 _9133280 |
|
| 245 | 1 | 0 |
_aPoblet _b: recorts de la Conca de Barberá / _cper Eduart Toda y Güell. |
| 260 |
_aBarcelona : _b[s.n.], _c1883 ( _fEstampa de la Renaixensa) |
||
| 300 |
_a204, [4] p. ; _c21 cm. |
||
| 490 | 1 |
_aBiblioteca del Renaixement ; _v6 |
|
| 651 | 4 |
_aPoblet- _xHistoria. _9137314 |
|
| 830 | 0 |
_aBiblioteca del Renaixement ; _v6 _9222547 |
|
| 852 |
_aES-MaACL _jB-1063 _z-- Enc. tela |
||
| 999 |
_c166358 _d166358 |
||